000 00552nam a2200229Ia 4500
005 20250425162511.0
008 250425s9999 xx 000 0 und d
020 _a9780136006633
041 _aeng
043 _anju
082 _a005.43
100 _aTANENBAUM, ANDREW S.
245 0 _aMODERN OPERATING SYSTEMS
250 _a3RD ED.
260 _aEstados Unidos
_bPEARSON/PRENTICE-HALL
_c2008
260 _aUPPER SADDLE RIVER
300 _a1076
650 _aHARDWARE
650 _aSISTEMAS OPERATIVOS
942 _c01
010 _a78581
999 _c230483
_d230483